O nome da Rosa / (Record no. 356)

MARC details
000 -LÍDER
campo de controle de tamanho fixo 02167nam a2200361 4500
001 - NÚMERO DE CONTROLE
campo de controle 356
003 - IDENTIFICADOR DO NÚMERO DE CONTROLE
campo de controle OSt
005 - DATA E HORÁRIO DA ÚLTIMA TRANSAÇÃO
campo de controle 20250528074019.0
008 - CAMPO DE DADOS FIXOS--INFORMAÇÃO GERAL
campo de controle de tamanho fixo 250401b |||||||g |||| 00| 1 eng d
040 ## - FONTE DA CATALOGAÇÃO
Idioma da catalogação por
041 ## - CÓDIGO DE IDIOMA
Código do idioma do original e/ou traduções intermediárias do texto ita
Código do idioma do texto/trilha sonora ou título diferente por
082 ## - CDD - CLASSIFICAÇÃO DECIMAL DE DEWEY
Número de Classificação 853
Número do exemplar E19n
100 1# - ENTRADA PRINCIPAL--NOME PESSOAL
Nome pessoal Eco, Umberto,
Datas associadas ao nome 1932-2016
9 (RLIN) 409
240 ## - TÍTULO UNIFORME
Título uniforme Il nome della rosa
245 ## - TÍTULO
Título O nome da Rosa /
Indicação de responsabilidade, etc. Eco, Umberto ; Tradução de Aurora Bernardi e Homero Freitas de Andrade
260 ## - PUBLICAÇÃO, DISTRIBUIÇÃO, ETC.
Local de publicação, distribuição, etc. São Paulo
Nome do editor, distribuidor, etc. O Globo
Data da publicação, distribuição, etc. 2003
300 ## - DESCRIÇÃO FÍSICA
Extensão 479 p.
490 1# - TÍTULO DA SÉRIE
Título da série Biblioteca Folha
Número do volume ou designação sequencial da série vol. 02
520 ## - NOTA DE RESUMO, ETC.
Resumo, etc. Ficção de estréia de um dos mais respeitados teóricos da semiótica, O Nome da Rosa transformou-se em prodígio editorial logo após seu lançamento, em 1980. Tamanho sucesso não parecia provável para um romance cuja trama se desenrola em um mosteiro italiano na última semana de novembro de 1327. Ali, em meio a intensos debates religiosos, o frade franciscano inglês Guilherme de Baskerville e seu jovem auxiliar, Adso, envolvem-se na investigação das insólitas mortes de sete monges, em sete dias e sete noites. Os crimes se irradiam a partir da biblioteca do mosteiro - a maior biblioteca do mundo cristão, cuja riqueza ajuda a explicar o título do romance: "o nome da rosa" era uma expressão usada na Idade Média para denotar o infinito poder das palavras.<br/>Narrado com a astúcia e graça de quem apreciou (e explicou) como poucos as artes do romance policial, O Nome da Rosa encena discussões de grandes temas da filosofia europeia, num contexto que faz desses debates um ingrediente a mais da ficção. O livro de Eco é ainda uma defesa da comédia - a expressão do homem livre, capaz de resistir com ironia ao peso de homens e livros.
650 #0 - ASSUNTO--TERMO TÓPICO
Cabeçalho tópico ou nome geográfico Literatura italiana
9 (RLIN) 164
650 #0 - ASSUNTO--TERMO TÓPICO
Cabeçalho tópico ou nome geográfico Religião
9 (RLIN) 100
650 #0 - ASSUNTO--TERMO TÓPICO
Cabeçalho tópico ou nome geográfico Medieval
9 (RLIN) 170
650 #0 - ASSUNTO--TERMO TÓPICO
Cabeçalho tópico ou nome geográfico Polêmica
9 (RLIN) 117
650 #0 - ASSUNTO--TERMO TÓPICO
Cabeçalho tópico ou nome geográfico Histórico
9 (RLIN) 53
650 #0 - ASSUNTO--TERMO TÓPICO
Cabeçalho tópico ou nome geográfico Clássicos
9 (RLIN) 77
650 #0 - ASSUNTO--TERMO TÓPICO
Cabeçalho tópico ou nome geográfico Humor
9 (RLIN) 60
655 #0 - TERMO DE ÍNDICE--GÊNERO E FORMA
Gênero/forma/ou termo foco Romance
655 #0 - TERMO DE ÍNDICE--GÊNERO E FORMA
Gênero/forma/ou termo foco Ficção
700 ## - ENTRADA ADICIONADA - NOME PESSOAL
Nome pessoal Aurora Bernardi
Função do autor por extenso Tradução
9 (RLIN) 413
700 ## - ENTRADA ADICIONADA - NOME PESSOAL
Nome pessoal Homero Freita de Andrade
Função do autor por extenso Tradutor
9 (RLIN) 414
830 ## - ENTRADA SECUNDÁRIA DE SÉRIE--TÍTULO UNIFORME
Título uniforme Biblioteca Folha
Número do volume ou designação sequencial da série vol. 02
9 (RLIN) 734
942 ## - ELEMENTOS DE ENTRADA ADICIONADOS (KOHA)
Fonte de classificação ou esquema de arquivamento Classificação decimal de Dewey
Ocultar no OPAC Não
Tipo de material Koha Livros
Holdings
Situação do descarte Situação das perdas Fonte de classificação ou esquema de arquivamento Status danificado Não pode ser emprestado Coleção Biblioteca de origem Biblioteca atual Localização na estante Data de aquisição Fonte de aquisição Total de empréstimos Número de chamada completo Código de barras Data de último acesso Número do exemplar Data do preço efetivo Tipo de material Koha
    Classificação decimal de Dewey     Ficção Biblioteca Professor Eduardo Afonso de Castro Biblioteca Professor Eduardo Afonso de Castro Literatura Estrangeira 26.04.2011 doação   853 / E19n 2025-1578 01.04.2025 Ex. 01 01.04.2025 Livros
    Classificação decimal de Dewey     Ficção Biblioteca Professor Eduardo Afonso de Castro Biblioteca Professor Eduardo Afonso de Castro Literatura Estrangeira 26.04.2011 doação   853 / E19n 2025-14933 01.04.2025 Ex. 02 01.04.2025 Livros

Powered by Koha